Ikebana und Bonsai (Запис номер 115297)
[ съкратено ]
| 000 -Лидер | |
|---|---|
| Контролно поле с фиксирана дължина | 01294nam a2200337 c 4500 |
| 003 - Код на организацията, давaща контролен номер | |
| Контролно поле | BLK |
| 005 - Дата и час на последна редакция | |
| Контролно поле | 20200429155037.0 |
| 008 - Елементи от данни с фиксирана дължина | |
| fixed length control field | 180409b bul|||||r ||||||| ||bul|| |
| 010 ## - Наследен системен номер | |
| LC control number | KNG00120775000 |
| 020 ## - Международен стандартен номер на книга ISBN | |
| Международен стандартен номер на книга ISBN | 3-323-00282-2 |
| 040 ## - Източник на каталожния запис | |
| Идентификатор на билиотеката - собственик на записа | BLK |
| 041 ## - Код за език | |
| Код за езика на текст/звукозапис или на отделно заглавие | Немски |
| Код за езика КДБФ | Немски |
| 080 ## - УДК | |
| Текстов определител УДК | Подреждане и аранжиране на цветя - Изработване на букети, гирлянди, венци, аранжиране в вази и др. съдове, икебана и др. на сушени растения, семена |
| УДК код - определител по УДК | 745.9 |
| УДК - код + определител | 745.9 |
| 100 1# - Редна дума - Автор | |
| Автор | Walther, Hendrik |
| Авторска отговорност | първи автор |
| R(LIN) | 314043 |
| 139 ## - Редно поле | |
| Редна дума | Walther, Hendrik |
| Авторски знак | Уол - У 68 |
| Filing suffix | W 21 |
| Feature heading | У 68 |
| 245 10 - Сведения за заглавието | |
| Заглавие | Ikebana und Bonsai |
| Редно поле (дума) | Hendrik Walther. |
| 257 ## - Страна на издаване | |
| Страна на създаване/издаване | Германия |
| 260 ## - Област на издателските данни | |
| Име на издателя, разпространителя и проч. | Bibliogr. Inst. |
| Година на издаване | 1989 |
| 300 ## - Физическа характеристика | |
| Страници | 290 с. |
| Илюстрации и др. | с ил. |
| Размери/Мащаб | 21 см |
| 380 ## - Жанр | |
| Жанр | Изкуство |
| 490 1# - СЕРИИ (Колекции) | |
| Име на серия | Bi-Lexikon |
| 650 #4 - Допълнително описание по предмет – тема | |
| Основно описание – тема или топоним | Цветя - аранжиране и символика |
| 9 (RLIN) | 250675 |
| 650 #4 - Допълнително описание по предмет – тема | |
| Основно описание – тема или топоним | Икебана |
| 9 (RLIN) | 156806 |
| 653 ## - Ключова дума – ненормативна | |
| Ключова дума | икебана |
| 653 ## - Ключова дума – ненормативна | |
| Ключова дума | бонзай |
| 700 ## - Други автори (авторска отговорност) | |
| 9 (RLIN) | 408493 |
| Лично име | Уолтър, Хендрик |
| 852 ## - Местоположение | |
| Форматна сигнатура | Цб 161444 |
| 856 4# - Електронен адрес и достъп | |
| Електронен формат | pdf - файл |
| 856 4# - Електронен адрес и достъп | |
| Електронен формат | pdf - файл |
| 999 ## - СИСТЕМНИ КОНТРОЛНИ НОМЕРА | |
| Koha biblionumber | 115297 |
| Koha biblioitemnumber | 115297 |
| 942 ## - АРТИКУЛИ | |
| Вид на библиотечния материал | Книги |
| Скрит в OPAC | Не |
| Периодичен библиозапис | Да |
| 944 ## - СЪЗДАВАНЕ И РЕДАКЦИЯ на ЗАПИСА | |
| Създаване/Редакция | Създаване |
| Дата на регистрацията/редакция | 13.01.2011 |
| Статус, дата на статуса | добави в АБ / 12.01.2011 |
| Служител, извършил регистрацията/редакцията | Наталия_Любомирова |
| 944 ## - СЪЗДАВАНЕ И РЕДАКЦИЯ на ЗАПИСА | |
| Създаване/Редакция | Редакция |
| Дата на регистрацията/редакция | 13.01.2011 |
| Статус, дата на статуса | добави в АБ / 12.01.2011 |
| 999 ## - СИСТЕМНИ КОНТРОЛНИ НОМЕРА | |
| Koha biblioitemnumber | 115297 |
| Код за отписване | Код за изгубен артикул | Източник на класификационната схема | Код за повреда | Коз за рестрикции | Код за отдаване | Артикулен № | Име на библиотеката - собственик | Име на библиотеката, в която се намира в момента | Статус (Текущо местоположение) | Дата на вписване в системата | Местоположение - отдел | Цена в лева | Инвентарен номер | Систематично азбучна сигнатура | Баркод | Номер на екземпляра | Цена в евро | Служебна бележка | Служебен тип на артикула |
|---|---|---|---|---|---|---|---|---|---|---|---|---|---|---|---|---|---|---|---|
| Не е изгубен | Universal Decimal Classification | Не е повреден | без рестрикции | заемане за дома | 185181 | Регионална библиотека "Любен Каравелов" Русе | Регионална библиотека "Любен Каравелов" Русе | Отдел Изкуство - подръчен фонд | 1989-01-01 | Отдел Изкуство - подръчен фонд | 12.30 | 529711 | 745/У 68 | 120000529711 | 1 | 6.29 | N: стар фонд Дата: 01.01.1989 Дата инв: 07.06.2012 Бележки инв: * | Книги |